Global marketing / (Record no. 2363)

MARC details
000 -LEADER
fixed length control field 00934nam a2200253 a 4500
005 - DATE AND TIME OF LATEST TRANSACTION
control field 20260112063250.0
020 ## - INTERNATIONAL STANDARD BOOK NUMBER
International Standard Book Number 9788177227550
039 ## - LEVEL OF BIBLIOGRAPHIC CONTROL AND CODING DETAIL [OBSOLETE]
Level of rules in bibliographic description 202110121632
Level of effort used to assign nonsubject heading access points staff
Level of effort used to assign subject headings 201301090341
Level of effort used to assign classification staff
Level of effort used to assign subject headings 201301090340
Level of effort used to assign classification staff
Level of effort used to assign subject headings 201005280001
Level of effort used to assign classification staff
-- 201003290309
-- staff
050 ## - LIBRARY OF CONGRESS CALL NUMBER
Classification number 658.804
Item number GIL
082 ## - DEWEY DECIMAL CLASSIFICATION NUMBER
Classification number 658.804
Item number GIL [ Shelf 68]
100 ## - MAIN ENTRY--PERSONAL NAME
Personal name Gillespie, Kate.
245 ## - TITLE STATEMENT
Title Global marketing /
Statement of responsibility, etc. Kate Gillespie, Jean-Pierre Jeannett, H. David Hennessey.
250 ## - EDITION STATEMENT
Edition statement 2nd ed.
260 ## - PUBLICATION, DISTRIBUTION, ETC.
Place of publication, distribution, etc. Boston :
Name of publisher, distributor, etc. Houghton Mifflin Co.,
Date of publication, distribution, etc. c2007.
300 ## - PHYSICAL DESCRIPTION
Extent xviii, 618 p. :
Other physical details ill. ;
Dimensions 26 cm.
504 ## - BIBLIOGRAPHY, ETC. NOTE
Bibliography, etc. note Includes bibliographical references and indexes.
650 ## - SUBJECT ADDED ENTRY--TOPICAL TERM
Topical term or geographic name entry element Export marketing.
650 ## - SUBJECT ADDED ENTRY--TOPICAL TERM
Topical term or geographic name entry element Export marketing
General subdivision Management.
700 ## - ADDED ENTRY--PERSONAL NAME
Personal name Jeannet, Jean-Pierre.
700 ## - ADDED ENTRY--PERSONAL NAME
Personal name Hennessey, Hubert D.
991 ## -
-- VIRTUA40
991 ## -
-- VTLSSORT0080*0200*0500*0820*1000*2450*2500*2600*3000*5040*6500*6501*7000*7001*9992
909 ## -
-- 2473
Holdings
Withdrawn status Lost status Damaged status Not for loan Home library Current library Date acquired Total checkouts Full call number Barcode Copy number Koha item type
        Indian Institute Of Management, Shillong Indian Institute Of Management, Shillong 09/04/2010   658.804 GIL [ Shelf 68] 0008154   Reference
        Indian Institute Of Management, Shillong Indian Institute Of Management, Shillong 09/04/2010   658.804 GIL [ Shelf 68] 0008155 1 Book
Copyright © 2026 Indian Institute of Management Shillong. All Rights Reserved.